Nghiên cứu chiết tách và xác định thành phần các hợp chất hữu cơ có trong lá cây sài đất

Xác định các đại lượng vật lý như độ ẩm, hàm lượng tro và hàm lượng một số kim loại nặng . Nghiên cứu chiết tách lá sài đất bằng soxhlet. Định danh các thành phần hóa học có trong lá sài đất.

Guardado en:
Detalles Bibliográficos
Autor principal: Nguyễn Thị Diệu Trâm
Otros Autores: Trần Đức Mạnh (Hướng dẫn)
Formato: Libro
Publicado: Đà Nẵng Đại học Sư phạm, Đại học Đà Nẵng 2012
Materias:
Etiquetas: Agregar Etiqueta
Sin Etiquetas, Sea el primero en etiquetar este registro!
Thư viện lưu trữ: Mạng thư viện Đại học Đà Nẵng
LEADER 01879nam a2200337 4500
001 000017575
003 13994
005 20130510100543.0
008 130425s2012 sd
082 |a 615.19  |b NG-T 
100 1 |a Nguyễn Thị Diệu Trâm 
245 |a Nghiên cứu chiết tách và xác định thành phần các hợp chất hữu cơ có trong lá cây sài đất  |c Nguyễn Thị Diệu Trâm ; Trần Đức Mạnh hướng dẫn  |k Khóa luận tốt nghiệp 
260 |a Đà Nẵng  |b Đại học Sư phạm, Đại học Đà Nẵng  |c 2012 
300 |a 38 tr., phụ lục 6 tr.  |b Hình mh.  |c 29 cm.  |e Đĩa CD, bản tóm tắt 
500 |a Khóa luận tốt nghiệp đại học. Chuyên ngành: Cử nhân Hóa Dược 
504 |a Mục lục đầu trang, tài liệu tham khảo tr. 73 - 74, phụ lục [13 tr.] 
520 |a Xác định các đại lượng vật lý như độ ẩm, hàm lượng tro và hàm lượng một số kim loại nặng . Nghiên cứu chiết tách lá sài đất bằng soxhlet. Định danh các thành phần hóa học có trong lá sài đất. 
600 1 4 |b Vua  |c Đinh Tiên Hoàng 
650 0 4 |a Lá sài đất  |v Khóa luận tốt nghiệp  |x Nghiên cứu, chiết tách  |x Thành phần hóa học 
653 |a Khoa Hóa học  |a Hợp chất hóa học  |a Lá sài đất 
700 |a Trần Đức Mạnh  |e Hướng dẫn 
OWN |a LSP 
AVA |a UDN50  |b LSP  |d 615.19 NG-T  |e available  |t Error 5001 Not defined in file expand_doc_bib_avail.  |f 1  |g 0  |h N  |i 0  |k 1 
999 |a From the UDN01 
AVA |a UDN50  |b LSP  |d 615.19 NG-T  |e available  |t Error 5001 Not defined in file expand_doc_bib_avail.  |f 1  |g 0  |h N  |i 0  |k 1 
TYP |a Monograph 
TYP |a Printed language 
980 |a Mạng thư viện Đại học Đà Nẵng